000 01253cad a22002655a 4500
001 L157460
008 121213s2012 xxk f 000 0 eng d
035 _a(Sirsi) u157460
041 0 _aeng
110 2 _aRoyal Institution of Chartered Surveyors
_94900
245 0 4 _aThe valuation of intangible assets
_h[electronic resource]
_c[archived]
250 _a1st ed
260 _aLondon
_bRICS
_c2012
300 _a20p
490 0 _aRICS Guidance Note
500 _aFormerly published as a stand-alone guidance note, this was subsequently incorporated into the RICS Red Book. This separate guidance was effective December 2012 to 5 January 2014.
520 _aThis guidance note on valuation of intangible assets will feature as part of RICS Valuation Standards (Red Book) due for publication 2013. Covers scope of work and terms of engagement, valuation concepts, due diligence, valuation methodogies, reports and confidentality.
590 _aKA
650 2 4 _aRICS valuation standards
651 4 _aInternational
690 _aValuation
_96273
690 _aInvestments
_96250
856 4 0 _uhttps://www.isurv.com/downloads/download/1735/valuation_of_intangible_assets_archived
_zArchived on isurve (subscription required)
942 _n0
_2ddc
999 _c114780
_d114780